Приемы организации деятельности обучающихся в динамике урока (Запись № 13675410)

Подробности
000 -МАРКЕР
контрольное поле 02687nam0a2200421 4500
001 - ИДЕНТИФИКАТОР ЗАПИСИ
контрольное поле RU\NLR\BIBL_A\022568718
005 - ИДЕНТИФИКАТОР ВЕРСИИ
контрольное поле 20260420045828.0
010 ## - МЕЖДУНАРОДНЫЙ СТАНДАРТНЫЙ НОМЕР КНИГИ (ISBN)
Номер (ISBN) 978-5-89982-786-0
Тираж 100
021 ## - НОМЕР ГОСУДАРСТВЕННОЙ РЕГИСТРАЦИИ
Код страны Российская Федерация
Номер КН-П-25-024750
Номер Листа государственной регистраци КН-П-25-2466
035 ## - ДРУГИЕ СИСТЕМНЫЕ НОМЕРА
Идентификатор записи (NLR Aleph) 022568718
100 ## - ДАННЫЕ ОБЩЕЙ ОБРАБОТКИ
Данные общей обработки 20250618d2025 u y0rusy50 ca
101 0# - ЯЗЫК РЕСУРСА
Язык текста, звукозаписи и т.д. русский
102 ## - СТРАНА ПУБЛИКАЦИИ ИЛИ ПРОИЗВОДСТВА
Страна публикации Российская Федерация
105 ## - ПОЛЕ КОДИРОВАННЫХ ДАННЫХ: ТЕКСТОВЫЕ МАТЕРИАЛЫ, МОНОГРАФИЧЕСКИЕ
Кодированные данные о монографическом текстовом документе a j 000yy
181 #0 - ПОЛЕ КОДИРОВАННЫХ ДАННЫХ: ВИД СОДЕРЖАНИЯ
Код вида содержания (ISBD) i3
Код характеристики содержания (ISBD) axxe
182 #0 - ПОЛЕ КОДИРОВАННЫХ ДАННЫХ: ТИП СРЕДСТВА
Код типа средства (ISBD) n - непосредственное
200 1# - ЗАГЛАВИЕ И СВЕДЕНИЯ ОБ ОТВЕТСТВЕННОСТИ
Основное заглавие Приемы организации деятельности обучающихся в динамике урока
Сведения, относящиеся к заглавию методическое пособие
Первые сведения об ответственности авторы и составители: Белан Наталья Алексеевна, Голикова Светлана Николаевна, Диянова Александра Михайловна, Смирнова Елена Александровна
Последующие сведения об ответственности под редакцией Белан Н. А.
-- Бюджетное образовательное учреждение дополнительного профессионального образования "Институт развития образования Омской области"
203 ## - ВИД СОДЕРЖАНИЯ И ТИП СРЕДСТВА
Вид содержания Текст
Дополнительные сведения об издании визуальный
Тип средства непосредственный
210 ## - ПУБЛИКАЦИЯ, РАСПРОСТРАНЕНИЕ И ДР.
Место издания, распространения и т.д. Омск
Имя издателя, распространителя и т. д. БОУ ДПО "ИРООО"
Дата издания, распространения и т.д. 2025
215 ## - ФИЗИЧЕСКАЯ ХАРАКТЕРИСТИКА
Специфическое обозначение материала и объем 83 с., [4] л. цв. ил., табл.
Другие сведения о физической характеристике цв. ил., табл.
Размеры 21
225 1# - СЕРИЯ
Основное заглавие серии Педагогам НОО, ООО
300 ## - ОБЩИЕ ПРИМЕЧАНИЯ
Текст примечания Авт. указаны на обороте тит. с.
320 ## - ПРИМЕЧАНИЯ О НАЛИЧИИ В ДОКУМЕНТЕ БИБЛИОГРАФИИ / УКАЗАТЕЛЯ
Текст примечания Библиогр.: с. 72 (7 назв.)
606 1# - НАИМЕНОВАНИЕ ТЕМЫ КАК ПРЕДМЕТ
Наименование темы Школьники
Формальный подзаголовок Методические пособия
Тематический подзаголовок Знания
-- Оценка
-- Начальная школа
Системный номер авторитетной/нормативной записи 2163460
Идентификатор авторитетной/нормативной записи RU\NLR\AUTH\661301855
606 1# - НАИМЕНОВАНИЕ ТЕМЫ КАК ПРЕДМЕТ
Наименование темы Уроки в школе
Формальный подзаголовок Методические пособия
Тематический подзаголовок Организация
Системный номер авторитетной/нормативной записи 1214443
Идентификатор авторитетной/нормативной записи RU\NLR\AUTH\66175018
686 1# - ИНДЕКСЫ ДРУГИХ КЛАССИФИКАЦИЙ
Индекс Ч421.260я8
686 1# - ИНДЕКСЫ ДРУГИХ КЛАССИФИКАЦИЙ
Индекс Ч421.28,01я8
701 #1 - ИМЯ ЛИЦА - АЛЬТЕРНАТИВНАЯ ОТВЕТСТВЕННОСТЬ
Начальный элемент ввода Белан
Часть имени, кроме начального элемента ввода Н. А.
Расширение инициалов личного имени Наталья Алексеевна
701 #1 - ИМЯ ЛИЦА - АЛЬТЕРНАТИВНАЯ ОТВЕТСТВЕННОСТЬ
Графика поля Кириллица
Материалы, к которым относится поле rus
Начальный элемент ввода Голикова
Часть имени, кроме начального элемента ввода С. Н.
Даты канд. пед. наук
Расширение инициалов личного имени Светлана Николаевна
Системный номер авторитетной/нормативной записи 250008
Идентификатор авторитетной/нормативной записи RU\NLR\AUTH\770250064
701 #1 - ИМЯ ЛИЦА - АЛЬТЕРНАТИВНАЯ ОТВЕТСТВЕННОСТЬ
Начальный элемент ввода Диянова
Часть имени, кроме начального элемента ввода А. М.
Расширение инициалов личного имени Александра Михайловна
701 #1 - ИМЯ ЛИЦА - АЛЬТЕРНАТИВНАЯ ОТВЕТСТВЕННОСТЬ
Начальный элемент ввода Смирнова
Часть имени, кроме начального элемента ввода Е. А.
Дополнения к именам, кроме дат методист, образоват. технологии
Расширение инициалов личного имени Елена Александровна
Системный номер авторитетной/нормативной записи 2675750
Идентификатор авторитетной/нормативной записи RU\NLR\AUTH\770283820
712 02 - НАИМЕНОВАНИЕ ОРГАНИЗАЦИИ - ВТОРИЧНАЯ ОТВЕТСТВЕННОСТЬ
Код отношения Издающая организация
Начальный элемент ввода Институт развития образования Омской области
Системный номер авторитетной/нормативной записи 681178
Идентификатор авторитетной/нормативной записи RU\NLR\AUTH\8810089910
942 ## - ДОПОЛНИТЕЛЬНЫЕ ЭЛЕМЕНТЫ ЗАПИСИ (АБИС)
Тип экземпляра АБИС Книга
980 ## - КОЛЛЕКЦИЯ
Название коллекции Национальная библиография

Нет доступных экземпляров.